MCA Microsoft office specialist (Record no. 85774)

MARC details
000 -LEADER
fixed length control field 00767 a2200241 4500
003 - CONTROL NUMBER IDENTIFIER
control field CBULib
005 - DATE AND TIME OF LATEST TRANSACTION
control field 20250127123619.0
008 - FIXED-LENGTH DATA ELEMENTS--GENERAL INFORMATION
fixed length control field 241119b |||||||| |||| 00| 0 eng d
020 ## - INTERNATIONAL STANDARD BOOK NUMBER
International Standard Book Number 9781119718468
040 ## - CATALOGING SOURCE
Language of cataloging English
Transcribing agency CBULib
Description conventions rda
041 ## - LANGUAGE CODE
Language code of text/sound track or separate title eng
050 ## - LIBRARY OF CONGRESS CALL NUMBER
Classification number HF 5548.4 But
100 ## - MAIN ENTRY--PERSONAL NAME
Personal name Butow, Eric
245 ## - TITLE STATEMENT
Title MCA Microsoft office specialist
Statement of responsibility, etc / by Eric Butow
260 ## - PUBLICATION, DISTRIBUTION, ETC. (IMPRINT)
Name of publisher, distributor, etc Wiley,
Date of publication, distribution, etc 2021
Place of publication, distribution, etc Indianapolis :
300 ## - PHYSICAL DESCRIPTION
Extent xx, 267 pages : illustrations
336 ## - CONTENT TYPE
Source rdacontent
Content type term Text |
Content type code txt
337 ## - MEDIA TYPE
Source rdamedia
Media type term Unmediated |
Media type code n
338 ## - CARRIER TYPE
Source rdacarrier
Carrier type term Volume
Carrier type code nc
650 #0 - SUBJECT ADDED ENTRY--TOPICAL TERM
9 (RLIN) 4043
Topical term or geographic name as entry element MICROSOFT POWERPOINT -- EXAMINATIONS -- STUDY GUIDE
650 #0 - SUBJECT ADDED ENTRY--TOPICAL TERM
9 (RLIN) 4044
Topical term or geographic name as entry element PRESENTATION GRAPHICS SOFTWARE -- EXAMINATIONS -- STUDY GUIDES
942 ## - ADDED ENTRY ELEMENTS (KOHA)
Source of classification or shelving scheme
Koha item type MONOGRAPH
Holdings
Withdrawn status Lost status Source of classification or shelving scheme Damaged status Not for loan Collection code Permanent Location Current Location Shelving location Date acquired Source of acquisition Cost, normal purchase price Full call number Barcode Date last seen Copy number Price effective from Koha item type Total Checkouts
          CBU-Lusaka Campus CBU- LUSAKA CAMPUS CBU- LUSAKA CAMPUS General Stacks 11/19/2024 DON-BOOKAID 43.00 HF 5548.4 But 753035 11/19/2024 1 11/19/2024 MONOGRAPH  
          Main Library Open Access Collection CBU-MAIN LIBRARY, KITWE. CBU-MAIN LIBRARY, KITWE. General Stacks 01/27/2025 BOOK AID INTERNATIONAL 35.00 HF 5548.4 But 753346 01/27/2025   01/27/2025 MONOGRAPH  
          Main Library Open Access Collection CBU-MAIN LIBRARY, KITWE. CBU-MAIN LIBRARY, KITWE. General Stacks 01/27/2025 BOOK AID INTERNATIONAL 35.00 HF 5548.4 But 753347 01/27/2025   01/27/2025 MONOGRAPH